000 01157cam a2200349 a 4500
001 899
005 20250710115004.0
020 _a0375806148 (pbk.)
020 _a090129003990
040 _aDLC
_cDLC
_dDLC
_beng
050 0 0 _aPZ7.O81167
_bGo 2002
082 0 0 _aFic
100 1 _aOsborne, Mary Pope.
245 1 0 _aGood morning, gorillas /
_cby Mary Pope Osborne ; illustrated by Sal Murdocca.
250 _aFirst Edition July 2002
260 _aNew York :
_c2002.
300 _a71 pages :
_billustrations ;
_c20 cm.
490 _aMagic Tree House
_vBook 26
500 _aA stepping stone book.
505 _aK
520 _aThe magic tree house takes Jack and Annie to an African rainforest, where the siblings encounter gorillas and learn to communicate with them.
521 _a510
_bLexile
521 _aK
_bRaz-Plus
650 1 _aGorilla
_vFiction.
650 1 _aHuman-animal communication
_vFiction.
650 1 _aTime travel
_vFiction.
650 1 _aMagic
_vFiction.
650 1 _aTree houses
_vFiction.
700 1 _aMurdocca, Sal
_eillustrator
906 _a7
_bcbc
_corignew
_d1
_eocip
_f20
_gy-gencatlg
942 _2ddc
_cBK
_n0
999 _c899
_d899